01428nam a2200349Ia 4500001001100000003000800011006001900019007001500038008004100053020002200094040002100116035002000137050002700157245012100184260004400305300001400349490004600363500004100409504005100450533015200501600005000653650002800703650003700731650002100768655002900789700002500818700002900843710001700872830004700889856012500936999001701061ebr5001428CaPaEBRm u cr cn|||||||||981005s1998 enk sb 001 0 eng d z0415183413 (pbk.) aCaPaEBRcCaPaEBR a(OCoLC)7076450814aHM22.F82b.F697 1998eb00aReassessing Foucaulth[electronic resource] :bpower, medicine and the body /cedited by Colin Jones and Roy Porter. aLondon ;aNew York :bRoutledge,c1998. ax, 226 p.1 aStudies in the social history of medicine a"First published in paperback 1998." aIncludes bibliographical references and index. aElectronic reproduction.bPalo Alto, Calif. :cebrary,d2013.nAvailable via World Wide Web.nAccess may be limited to ebrary affiliated libraries.10aFoucault, MichelxContributions in sociology. 0aPower (Social sciences) 0aAssociations, institutions, etc. 0aSocial medicine. 7aElectronic books.2local1 aJones, Colin,d1947-1 aPorter, Roy,d1946-2002.2 aebrary, Inc. 0aStudies in the social history of medicine.40uhttp://site.ebrary.com/lib/rucke/Doc?id=5001428zAn electronic book accessible through the World Wide Web; click to view c16186d16186